El mensaje de la misión parroquial, hoy / (Record no. 37898)

MARC details
000 -LEADER
campo de control de longitud fija 01040nam a2200277 i 4500
001 - NÚMERO DE CONTROL
campo de control 37898
003 - IDENTIFICADOR DE NÚMERO DE CONTROL
campo de control ES-MaACL
005 - FECHA Y HORA DE LA ÚLTIMA TRANSACCIÓN
campo de control 20250830063642.0
007 - CAMPO FIJO DE DESCRIPCIÓN FÍSICA--INFORMACIÓN GENERAL
campo de control de longitud fija t|
008 - DATOS DE LONGITUD FIJA--INFORMACIÓN GENERAL
campo de control de longitud fija 030224s1966 sp ||||1| spa d
100 1# - ENTRADA PRINCIPAL--NOMBRE DE PERSONA
Nombre de persona Burgo, Luciano del.
9 (RLIN) 32643
245 13 - MENCIÓN DEL TÍTULO
Título El mensaje de la misión parroquial, hoy /
Mención de responsabilidad, etc. Luciano del Burgo y Mariano Vidal.
260 ## - PUBLICACIÓN, DISTRIBUCIÓN, ETC.
Lugar de publicación, distribución, etc. Madrid :
Nombre del editor, distribuidor, etc. Perpetuo Socorro,
Fecha de publicación, distribución, etc. [1966]
300 ## - DESCRIPCIÓN FÍSICA
Extensión 326 p. ;
Dimensiones 22 cm.
490 1# - MENCIÓN DE SERIE
Mención de serie Cuadernos de Teología y práctica pastoral
490 1# - MENCIÓN DE SERIE
Mención de serie Colección "Kerigma", Cuadernos de Teología y Práctica Pastoral ;
Designación de volumen o secuencia 17
505 8# - NOTA DE CONTENIDO CON FORMATO
Nota de contenido con formato Contiene: III: Catequesis misionales
650 07 - PUNTO DE ACCESO ADICIONAL DE MATERIA--TÉRMINO DE MATERIA
Término de materia o nombre geográfico como elemento de entrada Teología pastoral
Fuente del encabezamiento o término embne
9 (RLIN) 17472
650 #4 - PUNTO DE ACCESO ADICIONAL DE MATERIA--TÉRMINO DE MATERIA
Término de materia o nombre geográfico como elemento de entrada Misiones parroquiales.
9 (RLIN) 167197
650 #4 - PUNTO DE ACCESO ADICIONAL DE MATERIA--TÉRMINO DE MATERIA
Término de materia o nombre geográfico como elemento de entrada Homilia.
9 (RLIN) 167201
700 1# - ENTRADA AGREGADA--NOMBRE PERSONAL
Nombre de persona Vidal, Mariano.
9 (RLIN) 114449
830 00 - PUNTO DE ACCESO ADICIONAL DE SERIE-TÍTULO UNIFORME
Título uniforme Cuadernos de teología y práctica pastoral
9 (RLIN) 229660
830 00 - PUNTO DE ACCESO ADICIONAL DE SERIE-TÍTULO UNIFORME
Título uniforme Colección "Kerigma".
Nombre de parte o sección de la obra Cuadernos de teología y práctica pastoral
Designación de volumen o secuencia 17
9 (RLIN) 193324
852 ## - LOCALIZACIÓN
Ubicación ES-MaACL
Número de control de estantería C-29260
Sublocalización o colección R.59829
Holdings
Estatus retirado Estado de pérdida Estado de daño No para préstamo Biblioteca de origen Biblioteca actual Ubicación en estantería Fecha de adquisición Fuente de adquisición Total de préstamos Signatura topográfica completa Código de barras Visto por última vez Precio de reemplazo Tipo de ítem Koha
        Biblioteca del Ateneo de Madrid Biblioteca del Ateneo de Madrid Depósito 2 17/01/2008     C-29260 1039902 23/02/2023 23/02/2023 Libro impreso